[Event "aut_ychb12 St. Georgen"]
[Site "?"]
[Date "2007.??.??"]
[Round "4.1"]
[White "Huber, Martin Christian"]
[Black "Kessler, Luca"]
[Result "0-1"]
[WhiteElo "1502"]
[BlackElo "1716"]
[PlyCount "84"]
[EventDate "2007.05.26"]

1. d4 Nf6 2. c4 g6 3. Nc3 d5 4. Bg5 Ne4 5. Nf3 Bg7 6. cxd5 Nxg5 7. Nxg5 e6 8.
Qd2 exd5 9. Qe3+ Kf8 10. Qf4 Bf6 11. h4 Kg7 12. O-O-O c6 13. e4 b5 14. Nxf7
Kxf7 15. e5 Nd7 16. exf6 Qxf6 17. Qd2 Nb6 18. Bd3 Bf5 19. Rde1 Qxd4 20. Re3 Nc4
21. Bxc4 Qxc4 22. Rhe1 Rhe8 23. Rxe8 Rxe8 24. Rxe8 Kxe8 25. Qe2+ Qxe2 26. Nxe2
Ke7 27. Kd2 Kd6 28. Nd4 Bd7 29. b4 c5 30. bxc5+ Kxc5 31. Nf3 a5 32. Ng5 h5 33.
Nf3 Kb4 34. Ne5 Be8 35. Kc2 Ka3 36. Kb1 b4 37. f3 a4 38. g4 b3 39. axb3 axb3
40. g5 Bb5 41. f4 d4 42. f5 d3 0-1

[Event "aut_ychb12 St. Georgen"]
[Site "?"]
[Date "2007.??.??"]
[Round "4.2"]
[White "Dalnodar, Bernhard"]
[Black "Knappitsch, Thomas"]
[Result "1-0"]
[WhiteElo "1586"]
[BlackElo "1532"]
[PlyCount "101"]
[EventDate "2007.05.26"]

1. d4 d5 2. Nf3 Nf6 3. c4 e6 4. Nc3 Be7 5. Bg5 O-O 6. e3 Nbd7 7. Qc2 c6 8. Bd3
a6 9. O-O dxc4 10. Bxc4 b5 11. Bd3 h6 12. Bxf6 Nxf6 13. Ne4 Bb7 14. Ne5 Rc8 15.
Rac1 Qd5 16. Nc3 Qd8 17. Rfd1 Nd5 18. Qe2 Nb4 19. Bb1 a5 20. a3 Nd5 21. Qd3 f5
22. Ng6 Rf6 23. Nxe7+ Qxe7 24. Nxd5 exd5 25. Rc5 a4 26. Ba2 Qe4 27. Qc3 Qe8 28.
Rc1 Rf8 29. Bb1 Qd8 30. Bd3 Qb6 31. Qc2 g6 32. f3 Rce8 33. e4 Re6 34. exf5 gxf5
35. Bxf5 Re3 36. Bd7 Rf6 37. Bxc6 Bxc6 38. Rxc6 Rxc6 39. Qxc6 Qxc6 40. Rxc6 Rd3
41. Rc5 Rxd4 42. Rxb5 Rd2 43. h3 d4 44. Rd5 Kf7 45. g3 Ke6 46. Rd8 d3 47. Kf1
Rxb2 48. Rxd3 Rb3 49. Ke2 Ke5 50. Rxb3 axb3 51. Kd3 1-0

[Event "aut_ychb12 St. Georgen"]
[Site "?"]
[Date "2007.??.??"]
[Round "4.3"]
[White "Pilsan, Aaron"]
[Black "Stelzeneder, Jonas"]
[Result "1-0"]
[WhiteElo "1638"]
[BlackElo "1431"]
[PlyCount "79"]
[EventDate "2007.05.26"]

1. e4 c5 2. Nf3 d6 3. d4 cxd4 4. Nxd4 Nf6 5. Nc3 a6 6. Be2 b5 7. a3 Bb7 8. f3
e6 9. g4 Nbd7 10. Be3 Be7 11. Qd2 Rc8 12. g5 Nh5 13. f4 g6 14. Bxh5 gxh5 15.
Qe2 Nc5 16. Bf2 Qd7 17. O-O-O Qc7 18. Qxh5 Nxe4 19. Nxe6 Qc6 20. Nd4 Qc7 21.
Be1 Nxc3 22. Bxc3 Bxh1 23. Rxh1 Qc5 24. Qe2 Qd5 25. Re1 Rc7 26. Nc6 Qxc6 27.
Bxh8 Kf8 28. Bc3 d5 29. Qe5 Ke8 30. f5 Qb7 31. f6 Rd7 32. fxe7 Rxe7 33. Qxe7+
Qxe7 34. Rxe7+ Kxe7 35. Kd2 Ke6 36. Bf6 Kd6 37. Kd3 Kc5 38. Be7+ Kc6 39. Kd4 a5
40. Ke5 1-0

[Event "aut_ychb12 St. Georgen"]
[Site "?"]
[Date "2007.??.??"]
[Round "4.4"]
[White "Sauer, Jakob"]
[Black "Menezes, Christoph"]
[Result "0-1"]
[WhiteElo "1523"]
[BlackElo "1615"]
[PlyCount "56"]
[EventDate "2007.05.26"]

1. e4 e5 2. Nf3 Nc6 3. Bc4 Nf6 4. d4 exd4 5. e5 Ng8 6. O-O Bc5 7. c3 dxc3 8.
Qd5 Qe7 9. Bg5 Nb4 10. Qd1 c2 11. Qd2 cxb1=N 12. Raxb1 Qf8 13. Rfe1 Nc6 14. a3
Nce7 15. b4 Bb6 16. Rbd1 c6 17. Bb3 Bc7 18. Bh4 Nh6 19. Qc3 Nhf5 20. Bg5 h6 21.
Be3 Nxe3 22. Rxe3 g5 23. b5 Qg7 24. Rde1 O-O 25. Nd2 Nf5 26. R3e2 a6 27. bxc6
dxc6 28. e6 Qxc3 0-1

[Event "aut_ychb12 St. Georgen"]
[Site "?"]
[Date "2007.??.??"]
[Round "4.5"]
[White "Stampfer, Paul"]
[Black "Ly, Daniel"]
[Result "0-1"]
[WhiteElo "1453"]
[BlackElo "1618"]
[PlyCount "96"]
[EventDate "2007.05.26"]

1. e4 e5 2. Nf3 Nc6 3. d4 exd4 4. Bc4 Nf6 5. e5 Ne4 6. Nxd4 Be7 7. Nxc6 bxc6 8.
Bxf7+ Kxf7 9. Qf3+ Nf6 10. exf6 Bxf6 11. O-O Re8 12. Nc3 Kg8 13. Bd2 d5 14.
Rfe1 Ba6 15. Rxe8+ Qxe8 16. Re1 Qf7 17. h3 Rb8 18. b3 h6 19. Na4 Be7 20. Qxf7+
Kxf7 21. Be3 Bb5 22. Nb2 c5 23. a4 Ba6 24. Bf4 Rb7 25. Re3 Bf6 26. Nd3 Bxd3 27.
Rxd3 c6 28. g4 c4 29. bxc4 dxc4 30. Rf3 Kg8 31. Kg2 Rb2 32. Bxh6 Rxc2 33. Be3
Ra2 34. g5 Bd8 35. g6 Bb6 36. Bf4 Bc5 37. Be3 Bxe3 38. Rxe3 Kf8 39. Rf3+ Ke8
40. Rc3 Rxa4 41. f4 Ke7 42. f5 Kf6 43. Rf3 Rb4 44. Rf4 a5 45. Kg3 c3 46. Rf2
Rb2 47. Rf3 c2 48. Kg4 Rb4+ 0-1

[Event "aut_ychb12 St. Georgen"]
[Site "?"]
[Date "2007.??.??"]
[Round "4.6"]
[White "Lehner, Valentin"]
[Black "Binder, Moriz"]
[Result "0-1"]
[WhiteElo "1334"]
[BlackElo "1626"]
[PlyCount "84"]
[EventDate "2007.05.26"]

1. e4 e5 2. Nf3 Nf6 3. Nc3 Nc6 4. d4 exd4 5. Nxd4 Bb4 6. Nxc6 bxc6 7. Bd3 O-O
8. O-O Re8 9. Qf3 d6 10. h3 h6 11. Bf4 Bb7 12. Rfe1 d5 13. e5 Nd7 14. Re2 Nc5
15. Qg3 Kh8 16. a3 Nxd3 17. cxd3 Bc5 18. Rae1 Bc8 19. b4 Bf8 20. d4 Bf5 21. Qf3
Bg6 22. g3 a5 23. Rb2 Rb8 24. b5 Bxa3 25. Ra2 Bb4 26. bxc6 Be4 27. Qe3 Re6 28.
Ree2 Bg6 29. Qf3 Qe8 30. Qxd5 Bxc3 31. Ra3 Bb4 32. Ree3 Qxc6 33. Qxc6 Rxc6 34.
d5 Ra6 35. e6 fxe6 36. dxe6 Re8 37. g4 Re7 38. Bg3 Bh7 39. f4 Bc5 40. Bh4 Bxe3+
41. Rxe3 Rexe6 42. Rd3 Bxd3 0-1

[Event "aut_ychb12 St. Georgen"]
[Site "?"]
[Date "2007.??.??"]
[Round "4.7"]
[White "Penz, Florian"]
[Black "Halvax, Alexander"]
[Result "1/2-1/2"]
[WhiteElo "1408"]
[BlackElo "1513"]
[PlyCount "44"]
[EventDate "2007.05.26"]

1. c4 Nf6 2. Nc3 g6 3. Nf3 Bg7 4. g3 O-O 5. Bg2 d6 6. d3 Bg4 7. O-O e5 8. Rb1
Nc6 9. b4 Bxf3 10. Bxf3 Rb8 11. b5 Nd4 12. Bg2 Nd7 13. Be3 f5 14. a4 Nc5 15. a5
Re8 16. Bxd4 exd4 17. Na4 Nxa4 18. Qxa4 Rxe2 19. b6 cxb6 20. axb6 a6 21. Rb3
Qe8 22. Qxe8+ Rexe8 1/2-1/2

[Event "aut_ychb12 St. Georgen"]
[Site "?"]
[Date "2007.??.??"]
[Round "4.8"]
[White "Gassner, Mathias"]
[Black "Ramsbacher, Stefan"]
[Result "1-0"]
[WhiteElo "1456"]
[BlackElo "1392"]
[PlyCount "41"]
[EventDate "2007.05.26"]

1. e4 d5 2. exd5 Qxd5 3. Nc3 Qa5 4. d4 c6 5. Nf3 Bg4 6. h3 Bh5 7. Bd2 Qc7 8.
Bc4 e6 9. O-O Nf6 10. Qe2 Qb6 11. Bb3 Bxf3 12. Qxf3 Qxd4 13. Rad1 Qb6 14. Bg5
Be7 15. Ne4 Nd5 16. Bxe7 Nxe7 17. Nd6+ Kd8 18. Nxf7+ Kc7 19. Qf4+ Kc8 20. Bxe6+
Nd7 21. Bxd7# 1-0

[Event "aut_ychb12 St. Georgen"]
[Site "?"]
[Date "2007.??.??"]
[Round "4.9"]
[White "Stolzlechner, Andreas"]
[Black "Negovanovic, Daniel"]
[Result "1-0"]
[WhiteElo "1386"]
[BlackElo "1223"]
[PlyCount "122"]
[EventDate "2007.05.26"]

1. e4 e5 2. Nf3 Nf6 3. Nxe5 d6 4. Nf3 Nxe4 5. d4 d5 6. Nbd2 Nf6 7. Be2 Be7 8.
O-O Nc6 9. b3 O-O 10. Bb2 Be6 11. c3 Bd6 12. Qc2 Ne7 13. Bd3 g6 14. c4 c6 15.
Rfe1 Qd7 16. Re2 Bf5 17. Rae1 Bxd3 18. Qxd3 Nf5 19. Nf1 Rae8 20. Ne3 Nxe3 21.
Rxe3 Rxe3 22. Rxe3 Re8 23. h3 Rxe3 24. Qxe3 Qe7 25. Ne5 Bxe5 26. dxe5 Nd7 27.
Qxa7 Nxe5 28. Qb8+ Kg7 29. Qxe5+ Qxe5 30. Bxe5+ f6 31. Bd4 dxc4 32. bxc4 Kf7
33. f4 f5 34. Kf2 Ke6 35. Bc5 b5 36. cxb5 cxb5 37. Ke3 Kd5 38. Bb4 Kc4 39. a3
Kd5 40. Kd3 Kc6 41. Kd4 Kd7 42. Kc5 h6 43. Kxb5 g5 44. fxg5 hxg5 45. Kb6 Ke6
46. a4 Ke5 47. a5 Kf4 48. Bd2+ Kg3 49. Bxg5 Kxg2 50. a6 Kxh3 51. a7 Kg4 52. Bc1
f4 53. Bxf4 Kxf4 54. a8=Q Ke5 55. Qa4 Kd5 56. Qb4 Ke5 57. Qc4 Kd6 58. Qc5+ Kd7
59. Qc6+ Kd8 60. Qc7+ Ke8 61. Kc6 Kf8 1-0

[Event "aut_ychb12 St. Georgen"]
[Site "?"]
[Date "2007.??.??"]
[Round "4.10"]
[White "Gmasz, Patrick"]
[Black "Pototschnig, Dominik"]
[Result "1/2-1/2"]
[WhiteElo "1454"]
[BlackElo "1338"]
[PlyCount "36"]
[EventDate "2007.05.26"]

1. e4 e5 2. Nf3 Nc6 3. Bc4 Be7 4. Nc3 d6 5. h3 h6 6. O-O Nf6 7. d3 Nd4 8. Be3
c5 9. Re1 Bd7 10. Nd5 Qc8 11. Nxe7 Kxe7 12. c3 Nxf3+ 13. Qxf3 g5 14. Qe2 g4 15.
hxg4 Bxg4 16. f3 Bh3 17. Kh2 Bd7 18. Rac1 h5 1/2-1/2

[Event "aut_ychb12 St. Georgen"]
[Site "?"]
[Date "2007.??.??"]
[Round "5.1"]
[White "Kessler, Luca"]
[Black "Pilsan, Aaron"]
[Result "1-0"]
[WhiteElo "1716"]
[BlackElo "1638"]
[PlyCount "111"]
[EventDate "2007.05.26"]

1. d4 d5 2. Nf3 Nf6 3. c4 e6 4. Bg5 Be7 5. Nc3 c6 6. e3 Nbd7 7. cxd5 exd5 8.
Be2 O-O 9. O-O Re8 10. Qc2 Ne4 11. Bxe7 Qxe7 12. Rab1 Ndf6 13. b4 Bf5 14. Bd3
Nxc3 15. Qxc3 Ne4 16. Qc2 Bg6 17. Ne5 Rac8 18. Nxg6 hxg6 19. Rfc1 f5 20. b5 Qd7
21. Bxe4 Rxe4 22. bxc6 bxc6 23. Qb3 Re7 24. Rc3 Kh7 25. f3 g5 26. Qc2 g6 27.
Qf2 Qd6 28. Qg3 Qxg3 29. hxg3 Kg7 30. Kf2 Kf6 31. Rcb3 Rcc7 32. Rb8 Ke6 33. Rg8
Rg7 34. Rxg7 Rxg7 35. Ke2 Kd6 36. Kd3 Kc7 37. Rf1 Re7 38. Rh1 Rg7 39. e4 dxe4+
40. fxe4 fxe4+ 41. Kxe4 Re7+ 42. Kd3 Kd6 43. Rf1 Ke6 44. Re1+ Kd6 45. Rxe7 Kxe7
46. Kc4 Kd6 47. g4 a6 48. a3 Ke6 49. Kc5 Kd7 50. Kb6 Kd6 51. Kxa6 c5 52. dxc5+
Kc6 53. Ka7 Kc7 54. c6 Kc8 55. Kb6 Kb8 56. c7+ 1-0

[Event "aut_ychb12 St. Georgen"]
[Site "?"]
[Date "2007.??.??"]
[Round "5.2"]
[White "Menezes, Christoph"]
[Black "Dalnodar, Bernhard"]
[Result "1/2-1/2"]
[WhiteElo "1615"]
[BlackElo "1586"]
[PlyCount "53"]
[EventDate "2007.05.26"]

1. d4 d5 2. c4 c6 3. Nf3 Nf6 4. e3 e6 5. Nc3 Nbd7 6. Bd3 Be7 7. O-O O-O 8. e4
dxc4 9. Bxc4 Nb6 10. Bd3 c5 11. dxc5 Bxc5 12. Qc2 h6 13. a3 Be7 14. e5 Nfd5 15.
Ne4 Bd7 16. Qe2 Rc8 17. Bd2 Na4 18. Rab1 Nc5 19. Nxc5 Bxc5 20. b4 Bb6 21. Rfc1
f6 22. Rxc8 Bxc8 23. Bc4 Qe7 24. Bxd5 exd5 25. Bc3 Be6 26. Nd4 Rc8 27. Qd2
1/2-1/2

[Event "aut_ychb12 St. Georgen"]
[Site "?"]
[Date "2007.??.??"]
[Round "5.3"]
[White "Knappitsch, Thomas"]
[Black "Huber, Martin Christian"]
[Result "1-0"]
[WhiteElo "1532"]
[BlackElo "1502"]
[PlyCount "65"]
[EventDate "2007.05.26"]

1. e4 e5 2. Nf3 Nc6 3. Bc4 Bc5 4. d3 h6 5. Be3 Bb6 6. O-O Nf6 7. h3 O-O 8. Nc3
Re8 9. Qd2 Na5 10. Bb3 c6 11. Bxb6 Qxb6 12. Rfe1 d6 13. Na4 Qc7 14. Nc3 Nxb3
15. axb3 d5 16. exd5 cxd5 17. Nb5 Qb6 18. Qa5 Qxa5 19. Rxa5 b6 20. Raa1 Re7 21.
Rxe5 Rxe5 22. Nxe5 a6 23. Nc3 Bb7 24. Na4 Re8 25. d4 Re6 26. Re1 Nd7 27. Kf1
Nxe5 28. Rxe5 Rxe5 29. dxe5 b5 30. Nc5 Bc8 31. Ke2 Kf8 32. Ke3 a5 33. Kd4 1-0

[Event "aut_ychb12 St. Georgen"]
[Site "?"]
[Date "2007.??.??"]
[Round "5.4"]
[White "Ly, Daniel"]
[Black "Sauer, Jakob"]
[Result "1/2-1/2"]
[WhiteElo "1618"]
[BlackElo "1523"]
[PlyCount "52"]
[EventDate "2007.05.26"]

1. e4 e6 2. d4 d5 3. Nc3 Bb4 4. e5 c5 5. a3 Ba5 6. f4 cxd4 7. Qxd4 Nc6 8. Qd1
d4 9. b4 dxc3 10. bxa5 Qxd1+ 11. Kxd1 Nxa5 12. Nf3 Ne7 13. Bd3 O-O 14. g4 Rd8
15. Ke2 b6 16. Rg1 Bb7 17. Nh4 Nac6 18. Be3 Nd5 19. Raf1 Rac8 20. Nf3 Nce7 21.
h4 Nxe3 22. Kxe3 Nd5+ 23. Ke4 Nb4+ 24. Ke3 Nd5+ 25. Ke4 Nb4+ 26. Ke3 Nd5+
1/2-1/2

[Event "aut_ychb12 St. Georgen"]
[Site "?"]
[Date "2007.??.??"]
[Round "5.5"]
[White "Binder, Moriz"]
[Black "Stolzlechner, Andreas"]
[Result "0-1"]
[WhiteElo "1626"]
[BlackElo "1386"]
[PlyCount "118"]
[EventDate "2007.05.26"]

1. d4 g6 2. c4 Bg7 3. Nc3 d6 4. e4 Nf6 5. Nf3 O-O 6. Be2 c6 7. O-O Nbd7 8. Qc2
e5 9. Rd1 Qc7 10. d5 cxd5 11. cxd5 a6 12. h3 b5 13. a3 Nc5 14. Bd3 Nxd3 15.
Qxd3 Bb7 16. Be3 Rfc8 17. Rac1 Qd8 18. Rc2 Nd7 19. Rdc1 Nc5 20. Qe2 Nb3 21. Rd1
Rc4 22. Nd2 Nxd2 23. Qxd2 Rac8 24. f3 Qa5 25. Rdc1 Bf8 26. Qe2 b4 27. axb4 Qxb4
28. Qd1 Qb3 29. Ra1 Be7 30. Ra3 Qb4 31. Ra4 Qb3 32. Rxc4 Rxc4 33. Rd2 Qxd1+ 34.
Rxd1 Bd8 35. Ra1 Rb4 36. Nd1 a5 37. Bd2 Rb5 38. Bc3 Ba6 39. Bd2 Bb6+ 40. Kh2
Bb7 41. Be3 Bxe3 42. Nxe3 Rxb2 43. Rxa5 Rb4 44. Ra7 h5 45. Nc2 Rb3 46. Na3 Rb4
47. Ra5 Rb6 48. Nc4 Ra6 49. Rxa6 Bxa6 50. Nxd6 Kf8 51. f4 f6 52. f5 g5 53. g3
Ke7 54. h4 g4 55. Kg2 Kxd6 56. Kf2 Kc5 57. Ke3 Kc4 58. d6 Bb5 59. Kd2 Kd4 0-1

[Event "aut_ychb12 St. Georgen"]
[Site "?"]
[Date "2007.??.??"]
[Round "5.6"]
[White "Stelzeneder, Jonas"]
[Black "Gassner, Mathias"]
[Result "1-0"]
[WhiteElo "1431"]
[BlackElo "1456"]
[PlyCount "37"]
[EventDate "2007.05.26"]

1. e4 e5 2. Nf3 Nc6 3. Bc4 Bc5 4. c3 Nf6 5. d4 exd4 6. cxd4 Bb4+ 7. Nc3 Nxe4 8.
O-O Bxc3 9. d5 Ne7 10. bxc3 d6 11. Qd4 Nf6 12. Bg5 c5 13. dxc6 Nxc6 14. Rfe1+
Kf8 15. Qf4 Rg8 16. Rad1 h6 17. Rxd6 Bd7 18. Bxf6 gxf6 19. Rxf6 1-0

[Event "aut_ychb12 St. Georgen"]
[Site "?"]
[Date "2007.??.??"]
[Round "5.8"]
[White "Lehner, Valentin"]
[Black "Penz, Florian"]
[Result "0-1"]
[WhiteElo "1334"]
[BlackElo "1408"]
[PlyCount "138"]
[EventDate "2007.05.26"]

1. e4 c5 2. Nf3 Nc6 3. Bb5 Nf6 4. Bxc6 bxc6 5. e5 Nd5 6. c3 Ba6 7. Qa4 Qb6 8.
d4 cxd4 9. cxd4 Qb4+ 10. Qxb4 Nxb4 11. Na3 e6 12. Bg5 Nd3+ 13. Kd2 Bb4+ 14. Kc2
Nxf2 15. Rhg1 Rb8 16. Be3 Bxa3 17. bxa3 Ng4 18. Bf4 O-O 19. h3 Nh6 20. g4 Rb7
21. Rab1 Rfb8 22. Rxb7 Rxb7 23. h4 Be2 24. Bxh6 Bxf3 25. Bf4 Be4+ 26. Kc3 Bb1
27. Rg2 Be4 28. Rg1 Rb1 29. Rg3 Bd5 30. h5 Rf1 31. Be3 Rf3 32. Rxf3 Bxf3 33. g5
Bxh5 34. Kb4 Kf8 35. Ka5 Be2 36. Kb4 Ke7 37. Kc5 f6 38. a4 f5 39. Bf4 Bf3 40.
a3 Bd5 41. a5 Kf7 42. Kd6 Kg6 43. Kxd7 h5 44. Kc7 h4 45. Kb7 h3 46. Kxa7 Kh5
47. Kb6 Bc4 48. a6 Bxa6 49. Kxa6 Kg4 50. Bh2 f4 51. Kb6 f3 52. Bg1 h2 53. Bxh2
f2 54. Kxc6 f1=Q 55. d5 Qc1+ 56. Kd6 exd5 57. e6 Qxa3+ 58. Kd7 Kxg5 59. e7 Qa4+
60. Kd8 d4 61. Bg3 Kg4 62. Be1 Kf3 63. e8=Q Qxe8+ 64. Kxe8 Ke2 65. Bb4 d3 66.
Kf7 g5 67. Kf6 g4 68. Bd6 d2 69. Bg3 d1=Q 0-1

[Event "aut_ychb12 St. Georgen"]
[Site "?"]
[Date "2007.??.??"]
[Round "5.9"]
[White "Ramsbacher, Stefan"]
[Black "Gmasz, Patrick"]
[Result "0-1"]
[WhiteElo "1392"]
[BlackElo "1454"]
[PlyCount "82"]
[EventDate "2007.05.26"]

1. e4 e5 2. Nf3 Nc6 3. Bc4 Bc5 4. d3 h6 5. Nc3 Nf6 6. h3 d6 7. O-O O-O 8. b3
Be6 9. Bb5 Ne7 10. Bb2 c6 11. Bc4 d5 12. b4 Bxb4 13. Bb3 Ng6 14. Qe2 d4 15. Nd1
Qd7 16. Kh2 Nf4 17. Nxe5 Nxe2 18. Nxd7 Nxd7 19. g3 Nc3 20. f4 Bxb3 21. axb3 Nb5
22. Ra4 a5 23. Kg2 Nb6 24. Ra2 a4 25. Nf2 axb3 26. Rxa8 Rxa8 27. cxb3 Ra2 28.
Rb1 Bc3 29. Bxc3 Nxc3 30. Re1 Rb2 31. Kf3 Rxb3 32. Ra1 Nba4 33. Kg4 g6 34. Kh4
b5 35. g4 b4 36. Nd1 Rb1 37. Rxb1 Nxb1 38. f5 Nbc3 39. g5 hxg5+ 40. Kxg5 gxf5
41. Kxf5 Nxd1 0-1

[Event "aut_ychb12 St. Georgen"]
[Site "?"]
[Date "2007.??.??"]
[Round "5.10"]
[White "Pototschnig, Dominik"]
[Black "Negovanovic, Daniel"]
[Result "0-1"]
[WhiteElo "1338"]
[BlackElo "1223"]
[PlyCount "58"]
[EventDate "2007.05.26"]

1. e4 e5 2. Nf3 Nf6 3. Nc3 Nc6 4. Bc4 Bb4 5. O-O d6 6. d3 Bg4 7. h3 Bh5 8. a3
Bxc3 9. bxc3 h6 10. Be3 O-O 11. g4 Bg6 12. Qc1 Nh7 13. Rb1 Na5 14. Bd5 c6 15.
Ba2 Kh8 16. h4 f6 17. Bxh6 gxh6 18. Qxh6 Be8 19. g5 fxg5 20. Nxg5 Qe7 21. Qxh7+
Qxh7 22. Nxh7 Kxh7 23. Kg2 b5 24. Kg3 Bf7 25. Bxf7 Rxf7 26. Kg4 Rg8+ 27. Kh3
Rf4 28. f3 Kh6 29. d4 Kh5 0-1

[Event "aut_ychb12 St. Georgen"]
[Site "?"]
[Date "2007.??.??"]
[Round "6.1"]
[White "Menezes, Christoph"]
[Black "Kessler, Luca"]
[Result "1/2-1/2"]
[WhiteElo "1615"]
[BlackElo "1716"]
[PlyCount "58"]
[EventDate "2007.05.26"]

1. d4 Nf6 2. c4 e6 3. Nf3 b6 4. g3 Bb7 5. Bg2 Be7 6. O-O O-O 7. d5 exd5 8. Nh4
Ne4 9. cxd5 Bxh4 10. Bxe4 Bf6 11. Qc2 h6 12. Bf4 d6 13. Nc3 Nd7 14. Bg2 a6 15.
e4 Re8 16. Rfe1 Re7 17. Rad1 Nf8 18. Ne2 Qd7 19. Bd2 Rae8 20. Bc3 Bxc3 21. Qxc3
f5 22. f3 fxe4 23. fxe4 Bc8 24. Nd4 Ng6 25. Nf5 Rf7 26. Bf3 Qd8 27. Bh5 Qg5 28.
Bxg6 Qxg6 29. Nh4 Qf6 1/2-1/2

[Event "aut_ychb12 St. Georgen"]
[Site "?"]
[Date "2007.??.??"]
[Round "6.2"]
[White "Dalnodar, Bernhard"]
[Black "Ly, Daniel"]
[Result "0-1"]
[WhiteElo "1586"]
[BlackElo "1618"]
[PlyCount "72"]
[EventDate "2007.05.26"]

1. d4 Nf6 2. Nf3 e6 3. c4 b6 4. Nc3 Bb7 5. Bg5 Be7 6. e3 O-O 7. Bd3 Nc6 8. a3
d5 9. Qc2 dxc4 10. Bxc4 Na5 11. Bd3 h6 12. Bf4 Rc8 13. b4 Nc6 14. Rg1 Bd6 15.
Bxh6 gxh6 16. g4 Re8 17. g5 hxg5 18. Nxg5 Kf8 19. Nxf7 Kxf7 20. Ba6 Rg8 21.
Rxg8 Qxg8 22. Bxb7 Qg1+ 23. Ke2 Qxa1 24. Bxc8 Ne7 25. Bb7 Qxa3 26. d5 e5 27.
Ne4 Qxb4 28. Ng5+ Kg8 29. Ne6 Qg4+ 30. Kf1 Qf5 31. Qa2 Ng4 32. Nxc7 Nxe3+ 33.
Ke2 Ng4 34. Ke1 Qe4+ 35. Kd1 Qd3+ 36. Ke1 Bb4+ 0-1

[Event "aut_ychb12 St. Georgen"]
[Site "?"]
[Date "2007.??.??"]
[Round "6.3"]
[White "Pilsan, Aaron"]
[Black "Knappitsch, Thomas"]
[Result "0-1"]
[WhiteElo "1638"]
[BlackElo "1532"]
[PlyCount "58"]
[EventDate "2007.05.26"]

1. e4 e5 2. Nf3 Nc6 3. Bc4 Nf6 4. Ng5 d5 5. exd5 Na5 6. Bb5+ c6 7. dxc6 bxc6 8.
Be2 h6 9. Nf3 e4 10. Ne5 Qd5 11. f4 Bd6 12. d4 O-O 13. b3 c5 14. Bb2 cxd4 15.
Bxd4 Rd8 16. Bb2 Qxd1+ 17. Bxd1 Nd5 18. g3 Ne3 19. c3 Bxe5 20. fxe5 Rxd1+ 21.
Ke2 Rxh1 22. Kxe3 Rxh2 23. Ba3 Rh1 24. Bb2 Be6 25. Nd2 Rxa1 26. Bxa1 Bf5 27. c4
Rd8 28. Bd4 Nc6 29. Bc3 Rd3+ 0-1

[Event "aut_ychb12 St. Georgen"]
[Site "?"]
[Date "2007.??.??"]
[Round "6.4"]
[White "Huber, Martin Christian"]
[Black "Stelzeneder, Jonas"]
[Result "1/2-1/2"]
[WhiteElo "1502"]
[BlackElo "1431"]
[PlyCount "35"]
[EventDate "2007.05.26"]

1. e4 c5 2. Nf3 d6 3. d4 cxd4 4. Nxd4 Nf6 5. Nc3 a6 6. Be2 e5 7. Nb3 Be6 8. Bg5
Nbd7 9. O-O Be7 10. Qd3 h6 11. Bh4 O-O 12. Rad1 Rc8 13. Qe3 Qc7 14. Nd2 Nc5 15.
Rfe1 Rfd8 16. Bf3 b5 17. a3 Qb7 18. Nf1 1/2-1/2

[Event "aut_ychb12 St. Georgen"]
[Site "?"]
[Date "2007.??.??"]
[Round "6.5"]
[White "Stolzlechner, Andreas"]
[Black "Penz, Florian"]
[Result "1-0"]
[WhiteElo "1386"]
[BlackElo "1408"]
[PlyCount "71"]
[EventDate "2007.05.26"]

1. e4 c5 2. Nf3 Nc6 3. d4 cxd4 4. Nxd4 e5 5. Nb3 Nf6 6. Bd3 d5 7. exd5 Nxd5 8.
Be4 Be6 9. O-O Bb4 10. a3 Ba5 11. Qf3 Nde7 12. Rd1 Qc7 13. Bg5 h6 14. Bxe7 Kxe7
15. Nxa5 Nxa5 16. Nc3 Rhd8 17. Bd5 Qc8 18. Bxe6 Qxe6 19. Nd5+ Kf8 20. Nc7 Qc4
21. Nxa8 Rxa8 22. Qd3 Qxd3 23. Rxd3 Ke7 24. Rad1 Rc8 25. Rd5 Nc6 26. Rd7+ Ke6
27. R1d6+ Kf5 28. Rxf7+ Ke4 29. f3+ Ke3 30. Rd3+ Ke2 31. Rfd7 Nd4 32. Re7 Rc5
33. Rxd4 Ke3 34. Re4+ Kd2 35. R7xe5 Rxc2 36. Re2+ 1-0

[Event "aut_ychb12 St. Georgen"]
[Site "?"]
[Date "2007.??.??"]
[Round "6.6"]
[White "Sauer, Jakob"]
[Black "Halvax, Alexander"]
[Result "1-0"]
[WhiteElo "1523"]
[BlackElo "1513"]
[PlyCount "45"]
[EventDate "2007.05.26"]

1. e4 e5 2. Nf3 Nf6 3. Nxe5 d6 4. Nf3 Nxe4 5. Nc3 Nxc3 6. dxc3 Be7 7. Bf4 O-O
8. Qd2 Be6 9. O-O-O Nc6 10. Kb1 Bg4 11. h3 Bh5 12. g4 Bg6 13. h4 Be4 14. Be2
Bxf3 15. Bxf3 Bxh4 16. g5 Bxf2 17. Qxf2 f6 18. Qh2 fxg5 19. Bd5+ Rf7 20. Bxf7+
Kxf7 21. Bd2 Ne5 22. Rdf1+ Ke6 23. Qxh7 1-0

[Event "aut_ychb12 St. Georgen"]
[Site "?"]
[Date "2007.??.??"]
[Round "6.7"]
[White "Gmasz, Patrick"]
[Black "Binder, Moriz"]
[Result "1/2-1/2"]
[WhiteElo "1454"]
[BlackElo "1626"]
[PlyCount "74"]
[EventDate "2007.05.26"]

1. e4 e5 2. Nf3 Nf6 3. Nxe5 d6 4. Nf3 Nxe4 5. Nc3 Nxc3 6. dxc3 Be7 7. Bf4 O-O
8. Qd2 Be6 9. b3 Bf6 10. Bd3 Re8 11. O-O-O Nc6 12. h4 a5 13. a4 Na7 14. Bg5 h6
15. Bf4 Rb8 16. c4 Qe7 17. Rde1 Nc6 18. g4 Nb4 19. g5 Na2+ 20. Kb1 Nc3+ 21. Kc1
d5 22. Qe3 d4 23. Nxd4 Bxd4 24. Qxd4 hxg5 25. hxg5 Na2+ 26. Kb1 Nb4 27. Qe4 f5
28. Qf3 Nxd3 29. cxd3 Qb4 30. Kb2 Qc5 31. Qe3 Qe7 32. Rh2 Rbd8 33. Reh1 Qb4 34.
g6 Kf8 35. Qd2 Qb6 36. Be3 c5 37. Qc3 Qd6 1/2-1/2

[Event "aut_ychb12 St. Georgen"]
[Site "?"]
[Date "2007.??.??"]
[Round "6.8"]
[White "Gassner, Mathias"]
[Black "Stampfer, Paul"]
[Result "0-1"]
[WhiteElo "1456"]
[BlackElo "1453"]
[PlyCount "72"]
[EventDate "2007.05.26"]

1. e4 e5 2. Nf3 Nc6 3. Bb5 d6 4. O-O Bd7 5. c3 Nf6 6. Re1 Be7 7. d4 exd4 8.
cxd4 O-O 9. Nc3 h6 10. Qc2 a6 11. Be2 Bg4 12. Be3 Nh7 13. h3 Bxf3 14. Bxf3 Bg5
15. Rad1 Bxe3 16. Rxe3 Ng5 17. Qe2 Qf6 18. d5 Nd4 19. Qd3 Ndxf3+ 20. Rxf3 Nxf3+
21. Qxf3 Qxf3 22. gxf3 f5 23. Ne2 Rae8 24. Rd4 Kh7 25. Nc3 Rf7 26. Kg2 Rg8 27.
f4 g5 28. exf5 Rxf5 29. Kf3 gxf4 30. Rxf4 Rgf8 31. Rxf5 Rxf5+ 32. Kg3 b5 33. f4
b4 34. Ne4 Kg6 35. h4 h5 36. Kf3 Rxd5 0-1

[Event "aut_ychb12 St. Georgen"]
[Site "?"]
[Date "2007.??.??"]
[Round "6.9"]
[White "Negovanovic, Daniel"]
[Black "Ramsbacher, Stefan"]
[Result "1-0"]
[WhiteElo "1223"]
[BlackElo "1392"]
[PlyCount "67"]
[EventDate "2007.05.26"]

1. e4 d5 2. exd5 Qxd5 3. Nc3 Qa5 4. Nf3 Bg4 5. Be2 e6 6. d3 c6 7. O-O Bd6 8.
Nd2 Bxe2 9. Qxe2 Qc7 10. Nf3 Nf6 11. Ne4 Nbd7 12. Nxd6+ Qxd6 13. h3 O-O 14. b3
Rad8 15. Bb2 Qe7 16. Ne5 Nb6 17. Ng4 Nfd5 18. Qf3 Rfe8 19. Qg3 g6 20. c4 Kf8
21. cxd5 Rxd5 22. Qf4 Qg5 23. Qxg5 Rxg5 24. f4 Ra5 25. b4 Rf5 26. Nf6 Rd8 27.
g4 Rb5 28. a4 Rxb4 29. Ba3 a5 30. Bxb4+ axb4 31. a5 Nd7 32. Nxd7+ Rxd7 33. Rf3
b3 34. Rb1 1-0

[Event "aut_ychb12 St. Georgen"]
[Site "?"]
[Date "2007.??.??"]
[Round "6.10"]
[White "Pototschnig, Dominik"]
[Black "Lehner, Valentin"]
[Result "1/2-1/2"]
[WhiteElo "1338"]
[BlackElo "1334"]
[PlyCount "34"]
[EventDate "2007.05.26"]

1. e4 c5 2. Nf3 Nc6 3. d4 cxd4 4. Nxd4 g6 5. Nxc6 bxc6 6. Nc3 Bg7 7. Bd2 d5 8.
Be2 dxe4 9. O-O Nf6 10. Qc1 O-O 11. f3 exf3 12. Bxf3 Bb7 13. Be4 Qd4+ 14. Be3
Qe5 15. Bf3 Qe6 16. h3 a5 17. Bc5 Rfe8 1/2-1/2